[Event "Open Portugal 2019"]
[Site "Lisboa POR"]
[Date "2019.02.03"]
[Round "3.1"]
[White "Motylev, Alexander"]
[Black "Carrasco Martínez, Juan M"]
[Result "1-0"]
[WhiteElo "2644"]
[BlackElo "2380"]
[WhiteFideId "4121830"]
[BlackFideId "2207729"]
[WhiteTitle "GM"]
[BlackTitle "IM"]
[WhiteCountry "RUS"]
[BlackCountry "ESP"]
[PlyCount "117"]
[EventDate "2019.??.??"]

1. e4 e6 2. d4 d5 3. e5 c5 4. c3 Nc6 5. Nf3 Qb6 6. a3 Nh6 7. Bd3 cxd4 8. cxd4
Bd7 9. Bc2 Nf5 10. Bxf5 exf5 11. Nc3 Be6 12. O-O Be7 13. Na4 Qb5 14. Bg5 h6 15.
Bxe7 Nxe7 16. Rc1 Rc8 17. Rxc8+ Bxc8 18. b4 O-O 19. Qb3 Be6 20. Nc5 Rc8 21. a4
Qc6 22. b5 Qc7 23. Qa3 Ng6 24. Rc1 Qe7 25. Qb2 b6 26. Nxe6 Qxe6 27. Qd2 f4 28.
h3 Qf5 29. Rc6 Ne7 30. Rxc8+ Qxc8 31. Qxf4 Ng6 32. Qg4 Qc1+ 33. Kh2 Nf8 34. Nh4
h5 35. Qf3 g6 36. Qf6 Qc2 37. f4 Qe4 38. Nf3 Ne6 39. Kg3 Nxd4 40. Nxd4 Qxd4 41.
Kh4 Qe4 42. Kg5 Kf8 43. Qd8+ Kg7 44. Qf6+ Kf8 45. Kh6 Ke8 46. Qc6+ Ke7 47. Qf6+
Ke8 48. Qc6+ Ke7 49. Qc7+ Ke8 50. Qb8+ Ke7 51. Qxa7+ Ke8 52. Qb8+ Ke7 53. Qd6+
Ke8 54. Qc6+ Ke7 55. Qf6+ Ke8 56. Kg7 Qf5 57. Qc6+ Ke7 58. Qd6+ Ke8 59. Qf8+ 1-0

[Event "Open Portugal 2019"]
[Site "Lisboa POR"]
[Date "2019.02.03"]
[Round "3.2"]
[White "Pastar, Slaven"]
[Black "Iturrizaga, Eduardo"]
[Result "0-1"]
[WhiteElo "2330"]
[BlackElo "2640"]
[WhiteFideId "14402718"]
[BlackFideId "3901211"]
[WhiteTitle "FM"]
[BlackTitle "GM"]
[WhiteCountry "BIH"]
[BlackCountry "VEN"]
[PlyCount "92"]
[EventDate "2019.??.??"]

1. d4 Nf6 2. c4 e6 3. Nc3 Bb4 4. a3 Bxc3+ 5. bxc3 c5 6. e3 O-O 7. Bd3 d5 8. cxd5
Qxd5 9. Nf3 b6 10. c4 Qh5 11. O-O Nbd7 12. Ne5 Qxd1 13. Rxd1 cxd4 14. Nxd7 Bxd7
15. exd4 Ba4 16. Rd2 Rfd8 17. Bb2 Rac8 18. f3 Rc7 19. Rc1 Rdc8 20. Re1 Bb3 21.
d5 exd5 22. Bf5 Rd8 23. cxd5 Nxd5 24. Re3 Bc4 25. Re5 g6 26. Bd3 Bxd3 27. Rxd3
Rcd7 28. Re1 f6 29. Red1 Kf7 30. Kf2 b5 31. Rc1 Nb6 32. Rxd7+ Rxd7 33. Bc3 Rc7
34. Bd2 Rxc1 35. Bxc1 Nc4 36. Ke2 Ke6 37. Kd3 Kd5 38. h3 a5 39. Kc3 Nxa3 40.
Bxa3 b4+ 41. Bxb4 axb4+ 42. Kxb4 Kd4 43. Kb5 Ke3 44. Kc5 Kf2 45. Kd5 Kxg2 46.
Ke6 f5 0-1

[Event "Open Portugal 2019"]
[Site "Lisboa POR"]
[Date "2019.02.03"]
[Round "3.4"]
[White "Petrov, Nikita"]
[Black "Rocha, Sérgio"]
[Result "1-0"]
[WhiteElo "2585"]
[BlackElo "2354"]
[WhiteFideId "4101286"]
[BlackFideId "1900404"]
[WhiteTitle "GM"]
[BlackTitle "IM"]
[WhiteCountry "RUS"]
[BlackCountry "POR"]
[PlyCount "81"]
[EventDate "2019.??.??"]

1. e4 Nf6 2. e5 Nd5 3. d4 d6 4. Nf3 Bg4 5. Be2 e6 6. O-O Be7 7. c4 Nb6 8. Nc3
O-O 9. exd6 cxd6 10. d5 e5 11. b3 N8d7 12. Be3 a6 13. Nd2 Bf5 14. f4 exf4 15.
Bxf4 Bg6 16. Nde4 Nf6 17. Ng3 Nbd7 18. Bd3 Ne5 19. Bf5 Re8 20. Kh1 Bf8 21. Qd2
Nh5 22. Bxg6 Nxg3+ 23. Bxg3 hxg6 24. Rae1 Rc8 25. Ne4 f6 26. a4 Nf7 27. Nc3 Qd7
28. Ne2 f5 29. Nf4 Ne5 30. Ne6 Ng4 31. Qg5 Kh7 32. Qh4+ Kg8 33. Qg5 Kh7 34. Rxf5
gxf5 35. Qxf5+ Kg8 36. Qxg4 Re7 37. Qg6 Rce8 38. Kg1 b5 39. h4 bxc4 40. Ng5
Rxe1+ 41. Kh2 1-0

[Event "Open Portugal 2019"]
[Site "Lisboa POR"]
[Date "2019.02.03"]
[Round "3.5"]
[White "Fus, Jakub"]
[Black "Bernardskiy, Vitaliy"]
[Result "0-1"]
[WhiteElo "2326"]
[BlackElo "2570"]
[WhiteFideId "1193023"]
[BlackFideId "14100371"]
[BlackTitle "GM"]
[WhiteCountry "POL"]
[BlackCountry "UKR"]
[PlyCount "76"]
[EventDate "2019.??.??"]

1. d4 g6 2. e4 Bg7 3. c4 d6 4. Nc3 Nf6 5. Be2 O-O 6. Bg5 c6 7. Qd2 Na6 8. h4 h5
9. Nh3 Nc7 10. d5 cxd5 11. cxd5 b5 12. a3 a5 13. f3 b4 14. Nd1 Bxh3 15. Rxh3 e6
16. dxe6 Nxe6 17. Ne3 Nxg5 18. hxg5 Nd7 19. Nc4 Nc5 20. Rd1 bxa3 21. bxa3 Rb8
22. Kf2 Ne6 23. g3 Nd4 24. Rhh1 d5 25. exd5 Qxd5 26. Rh4 Qc5 27. Qe3 Rfe8 28.
Re4 Rxe4 29. Qxe4 Qxg5 30. Bd3 Ne6 31. Kg2 Rd8 32. Be2 Nd4 33. f4 Qc5 34. Ne5
Bxe5 35. fxe5 Kg7 36. Qf4 Rd7 37. Qf6+ Kg8 38. Qf4 Nxe2 0-1

[Event "Open Portugal 2019"]
[Site "Lisboa POR"]
[Date "2019.02.03"]
[Round "3.6"]
[White "Xu, Xiangyu"]
[Black "Pantzar, Milton"]
[Result "1-0"]
[WhiteElo "2565"]
[BlackElo "2331"]
[WhiteFideId "8608288"]
[BlackFideId "1721003"]
[WhiteTitle "GM"]
[BlackTitle "FM"]
[WhiteCountry "CHN"]
[BlackCountry "SWE"]
[PlyCount "79"]
[EventDate "2019.??.??"]

1. d4 Nf6 2. c4 b6 3. f3 e6 4. e4 Bb4+ 5. Nc3 O-O 6. Nge2 c6 7. a3 Be7 8. Be3 d5
9. cxd5 cxd5 10. e5 Nfd7 11. g3 Ba6 12. Bh3 Nc6 13. b4 Bc4 14. f4 b5 15. f5 exf5
16. Nf4 a5 17. Ncxd5 axb4 18. axb4 Rxa1 19. Qxa1 Nb6 20. Nxe7+ Qxe7 21. Bxf5
Qxb4+ 22. Bd2 Qb3 23. Be4 Nd5 24. Kf2 Nxf4 25. gxf4 Ne7 26. Qc3 Qxc3 27. Bxc3
Nd5 28. Bd2 f5 29. Bf3 Nb6 30. Ra1 Na4 31. d5 Rd8 32. Ba5 Rd7 33. d6 Nc5 34. Bb6
Ne4+ 35. Bxe4 fxe4 36. f5 g6 37. Ra7 Rxa7 38. Bxa7 Kf7 39. d7 Ke7 40. e6 1-0

[Event "Open Portugal 2019"]
[Site "Lisboa POR"]
[Date "2019.02.03"]
[Round "3.7"]
[White "Godzwon, Iwo"]
[Black "David, Alberto"]
[Result "0-1"]
[WhiteElo "2322"]
[BlackElo "2560"]
[WhiteFideId "21802483"]
[BlackFideId "4000013"]
[WhiteTitle "FM"]
[BlackTitle "GM"]
[WhiteCountry "POL"]
[BlackCountry "ITA"]
[PlyCount "72"]
[EventDate "2019.??.??"]

1. d4 Nf6 2. c4 e6 3. g3 c5 4. d5 d6 5. Nc3 exd5 6. cxd5 g6 7. Bg2 Bg7 8. Nf3
O-O 9. O-O Na6 10. e4 Bg4 11. Re1 Nd7 12. Bf4 Ne5 13. Bxe5 Bxe5 14. Qb3 Bxf3 15.
Bxf3 c4 16. Qxc4 Rc8 17. Qb5 Nc5 18. Bg4 Rc7 19. f4 a6 20. Qe2 Bd4+ 21. Kh1 Re8
22. Bf3 b5 23. Qd2 Bg7 24. Rac1 Rce7 25. e5 dxe5 26. Nxb5 e4 27. Bg2 Nd3 28. Nc3
Bxc3 29. bxc3 Qxd5 30. Re3 Rb8 31. Rce1 Rb2 32. Qxd3 Qxd3 33. Rxd3 exd3 34. Rxe7
Rb1+ 35. Bf1 d2 36. Rd7 Rxf1+ 0-1

[Event "Open Portugal 2019"]
[Site "Lisboa POR"]
[Date "2019.02.03"]
[Round "3.8"]
[White "Storme, Isak"]
[Black "Kadric, Denis"]
[Result "0-1"]
[WhiteElo "2290"]
[BlackElo "2545"]
[WhiteFideId "1728113"]
[BlackFideId "14403803"]
[WhiteTitle "FM"]
[BlackTitle "GM"]
[WhiteCountry "SWE"]
[BlackCountry "BIH"]
[PlyCount "94"]
[EventDate "2019.??.??"]

1. c4 e5 2. Nc3 d6 3. g3 f5 4. d4 Be7 5. Bh3 Na6 6. dxe5 dxe5 7. Qxd8+ Bxd8 8.
Nf3 e4 9. Nd4 Ne7 10. b3 c6 11. Ba3 g6 12. O-O-O Ba5 13. Bb2 O-O 14. f3 exf3 15.
exf3 Re8 16. g4 fxg4 17. fxg4 Nc5 18. Rhe1 h5 19. Re5 hxg4 20. Bg2 Bb4 21. a3
Nd7 22. Re2 Bxc3 23. Bxc3 Nf6 24. Rde1 Kf7 25. Bb4 Nfg8 26. Rf1+ Bf5 27. Ne6
Rac8 28. Bc3 a6 29. Nc5 b5 30. Nb7 Red8 31. Nxd8+ Rxd8 32. cxb5 axb5 33. Bb4 Nd5
34. Kb2 Ngf6 35. Rfe1 g5 36. Re5 Kg6 37. Bd2 Nf4 38. Bxf4 gxf4 39. Bxc6 Rd2+ 40.
Ka1 Rxh2 41. Rxb5 f3 42. a4 f2 43. Rd1 Bd3 44. a5 g3 45. a6 Bxb5 46. Bxb5 g2 47.
Bd3+ Kg5 0-1

[Event "Open Portugal 2019"]
[Site "Lisboa POR"]
[Date "2019.02.03"]
[Round "3.9"]
[White "Annaberdiev, Meilis"]
[Black "Shailesh, Dravid"]
[Result "0-1"]
[WhiteElo "2522"]
[BlackElo "2324"]
[WhiteFideId "14000563"]
[BlackFideId "25017969"]
[WhiteTitle "IM"]
[BlackTitle "FM"]
[WhiteCountry "TKM"]
[BlackCountry "IND"]
[PlyCount "72"]
[EventDate "2019.??.??"]

1. d4 Nf6 2. Nf3 g6 3. Nbd2 Bg7 4. e4 d6 5. Bd3 O-O 6. O-O Nc6 7. c3 e5 8. Re1
Nh5 9. Nb3 h6 10. Be3 Qf6 11. Bf1 Bg4 12. Be2 Nf4 13. Bxf4 Qxf4 14. g3 Qf6 15.
d5 Ne7 16. Nfd2 Bc8 17. Bg4 h5 18. Bxc8 Raxc8 19. Qf3 Qg5 20. Qe3 Qg4 21. Kg2 b6
22. c4 Qd7 23. Qe2 Bh6 24. a4 a5 25. Nb1 f5 26. exf5 Qxf5 27. Nc3 h4 28. h3 hxg3
29. fxg3 Qd7 30. Qg4 Nf5 31. Qxg6+ Kh8 32. Qh5 Qh7 33. Ne4 Nxg3 34. Nxg3 Rg8 35.
Nc1 Rxg3+ 36. Kh1 Rcg8 0-1

[Event "Open Portugal 2019"]
[Site "Lisboa POR"]
[Date "2019.02.03"]
[Round "3.10"]
[White "Hernandez Munoz, Antonio Ramon"]
[Black "Jakubowski, Krzystof"]
[Result "0-1"]
[WhiteElo "2249"]
[BlackElo "2514"]
[WhiteFideId "22241280"]
[BlackFideId "1112848"]
[BlackTitle "GM"]
[WhiteCountry "ESP"]
[BlackCountry "POL"]
[PlyCount "66"]
[EventDate "2019.??.??"]

1. d4 Nf6 2. Nf3 e6 3. g3 d5 4. Bg2 b5 5. a4 b4 6. c4 bxc3 7. Nxc3 Ba6 8. O-O
Nbd7 9. Bf4 c5 10. Re1 Be7 11. e4 dxe4 12. Ng5 O-O 13. Ngxe4 Rc8 14. Nd6 Bxd6
15. Bxd6 Re8 16. a5 h5 17. h3 h4 18. gxh4 c4 19. Bg3 Nf8 20. h5 Qd7 21. Be5 Bb7
22. Bxf6 gxf6 23. Qg4+ Kh8 24. h6 Ng6 25. d5 Rg8 26. Ne4 f5 27. dxe6 fxe6 28.
Nf6 Qf7 29. Qd4 e5 30. Qd7 Qxd7 31. Nxd7 Nf4 32. Rxe5 Rxg2+ 33. Kf1 Rcg8 0-1

[Event "Open Portugal 2019"]
[Site "Lisboa POR"]
[Date "2019.02.03"]
[Round "3.11"]
[White "Stefansson, Hannes"]
[Black "Napoli, Nicolo"]
[Result "1-0"]
[WhiteElo "2514"]
[BlackElo "2316"]
[WhiteFideId "2300087"]
[BlackFideId "813702"]
[WhiteTitle "GM"]
[BlackTitle "FM"]
[WhiteCountry "ISL"]
[BlackCountry "ITA"]
[PlyCount "61"]
[EventDate "2019.??.??"]

1. e4 c6 2. d4 d5 3. e5 c5 4. dxc5 e6 5. Nf3 Bxc5 6. Bd3 Ne7 7. O-O Ng6 8. Re1
Nc6 9. a3 Qc7 10. b4 Bb6 11. Bb2 O-O 12. Nbd2 a5 13. b5 Nb8 14. c4 Rd8 15. Rc1
Qe7 16. Qc2 Nd7 17. cxd5 exd5 18. Bxg6 hxg6 19. Bd4 Bxd4 20. Nxd4 Nf8 21. Qc7
Qe8 22. N2f3 Ne6 23. Nxe6 Bxe6 24. Nd4 Rd7 25. Qb6 Qd8 26. Qxd8+ Raxd8 27. Rc5
Re7 28. Rec1 g5 29. b6 Bg4 30. f3 Bh5 31. Rc7 1-0

[Event "Open Portugal 2019"]
[Site "Lisboa POR"]
[Date "2019.02.03"]
[Round "3.12"]
[White "Palozza, Christian"]
[Black "Spraggett, Kevin"]
[Result "0-1"]
[WhiteElo "2237"]
[BlackElo "2513"]
[WhiteFideId "895580"]
[BlackFideId "2600013"]
[WhiteTitle "FM"]
[BlackTitle "GM"]
[WhiteCountry "ITA"]
[BlackCountry "CAN"]
[PlyCount "70"]
[EventDate "2019.??.??"]

1. d4 Nf6 2. c4 d6 3. Nf3 c6 4. g3 Nbd7 5. Nc3 e5 6. e4 Be7 7. Bg2 O-O 8. O-O
Re8 9. h3 a6 10. a4 a5 11. Be3 Bf8 12. Qc2 Qc7 13. d5 Nc5 14. Bxc5 dxc5 15. Ne1
cxd5 16. exd5 Bd7 17. Nd3 e4 18. Nc1 h5 19. Nb5 Bxb5 20. axb5 h4 21. g4 Qe5 22.
Qc3 Qxc3 23. bxc3 e3 24. f3 Nd7 25. Re1 Bd6 26. Nd3 Nb6 27. Bf1 Nxc4 28. Nxc5 e2
29. Nxb7 exf1=Q+ 30. Kxf1 Bg3 31. Rxe8+ Rxe8 32. Nxa5 Nd2+ 33. Kg1 Re2 34. b6
Nxf3+ 35. Kf1 Rf2# 0-1

[Event "Open Portugal 2019"]
[Site "Lisboa POR"]
[Date "2019.02.03"]
[Round "3.13"]
[White "Dvirnyy, Danyyil"]
[Black "Kowalski, Igor"]
[Result "1-0"]
[WhiteElo "2487"]
[BlackElo "2296"]
[WhiteFideId "817570"]
[BlackFideId "1172468"]
[WhiteTitle "GM"]
[BlackTitle "FM"]
[WhiteCountry "ITA"]
[BlackCountry "POL"]
[PlyCount "71"]
[EventDate "2019.??.??"]

1. d4 Nf6 2. c4 g6 3. Nc3 Bg7 4. e4 d6 5. Nf3 O-O 6. Be2 e5 7. O-O Nc6 8. Be3
Ng4 9. Bg5 f6 10. Bc1 f5 11. Bg5 Qe8 12. dxe5 dxe5 13. Nd5 Qf7 14. b4 h6 15. Bc1
Nd4 16. Nxd4 exd4 17. exf5 gxf5 18. Bf4 d3 19. Bxd3 Ne5 20. Be2 c6 21. Bh5 Qd7
22. Qe2 cxd5 23. Bxe5 Bxe5 24. Qxe5 dxc4 25. Rad1 Qg7 26. Qd5+ Kh8 27. Qxc4 f4
28. Rd6 Rf6 29. Rd8+ Rf8 30. Rxf8+ Qxf8 31. Qd4+ Kh7 32. Rc1 Qg7 33. Qd8 Bg4 34.
Qxa8 Bxh5 35. Qb8 f3 36. Qg3 1-0

[Event "Open Portugal 2019"]
[Site "Lisboa POR"]
[Date "2019.02.03"]
[Round "3.16"]
[White "Yankelevich, Lev"]
[Black "Pietruszewski, Marcin"]
[Result "1-0"]
[WhiteElo "2445"]
[BlackElo "2226"]
[WhiteFideId "24684074"]
[BlackFideId "1170295"]
[WhiteTitle "IM"]
[WhiteCountry "GER"]
[BlackCountry "POL"]
[PlyCount "67"]
[EventDate "2019.??.??"]

1. d4 Nf6 2. c4 c6 3. Nf3 d5 4. Nc3 a6 5. Qc2 Bg4 6. Ne5 Bh5 7. Qb3 Ra7 8. cxd5
cxd5 9. Bf4 Nc6 10. e3 e6 11. Bd3 Nd7 12. Nxc6 bxc6 13. Qa4 Qb6 14. O-O c5 15.
dxc5 Bxc5 16. Qc2 Ke7 17. Na4 Qa5 18. Rfc1 Bd6 19. Bxd6+ Kxd6 20. b3 Rb8 21. e4
Ke7 22. exd5 Qxd5 23. Be4 Qd4 24. h3 Rb4 25. Bd3 a5 26. Re1 Qd6 27. Bc4 Rc7 28.
Nc3 Ne5 29. Qxh7 g6 30. Nb5 Rxb5 31. Bxb5 Rc2 32. Qh6 f6 33. Qg7+ Nf7 34. Bc4
1-0

[Event "Open Portugal 2019"]
[Site "Lisboa POR"]
[Date "2019.02.03"]
[Round "3.18"]
[White "Jazdanovs, Aleksandrs"]
[Black "Korley, Kassa"]
[Result "0-1"]
[WhiteElo "2100"]
[BlackElo "2426"]
[WhiteFideId "11604492"]
[BlackFideId "2033801"]
[BlackTitle "IM"]
[WhiteCountry "LAT"]
[BlackCountry "DEN"]
[PlyCount "50"]
[EventDate "2019.??.??"]

1. e4 c6 2. d4 d5 3. e5 Bf5 4. Nf3 e6 5. Be2 Ne7 6. O-O c5 7. Be3 cxd4 8. Nxd4
Nbc6 9. f4 Nxd4 10. Bxd4 Nc6 11. c3 h5 12. Be3 g6 13. Bd3 Bxd3 14. Qxd3 a6 15.
Nd2 Ne7 16. Bc5 Nf5 17. Bxf8 Kxf8 18. Nb3 Qb6+ 19. Nd4 Rc8 20. Rf2 Nxd4 21. Qxd4
Qa5 22. a3 Rc4 23. Qe3 Re4 24. Qf3 Qb6 25. Rd1 Re3 0-1

[Event "Open Portugal 2019"]
[Site "Lisboa POR"]
[Date "2019.02.03"]
[Round "3.19"]
[White "Andias, João"]
[Black "Campora, Daniel"]
[Result "0-1"]
[WhiteElo "2039"]
[BlackElo "2419"]
[WhiteFideId "1900862"]
[BlackFideId "100013"]
[BlackTitle "GM"]
[WhiteCountry "POR"]
[BlackCountry "ARG"]
[PlyCount "86"]
[EventDate "2019.??.??"]

1. e4 e5 2. Nf3 Nc6 3. Bc4 Bc5 4. c3 Nf6 5. d3 d6 6. h3 O-O 7. Bg5 Be6 8. Bb3 h6
9. Bh4 Bb6 10. Nbd2 Kh7 11. g4 g5 12. Bg3 Kg7 13. Nf1 Ne7 14. Ne3 Bxb3 15. Qxb3
Bxe3 16. fxe3 a5 17. O-O-O Ng6 18. Rdf1 Qe7 19. Qxb7 a4 20. Nd2 Nd7 21. d4 a3
22. b3 Rfb8 23. Qc6 Ra7 24. h4 gxh4 25. Bxh4 Nxh4 26. Rxh4 Qxh4 27. Qxd7 Rf8 28.
Nc4 Qh2 29. Nd2 Raa8 30. Qxc7 Rac8 31. Rxf7+ Rxf7 32. Qxc8 Qg1+ 33. Kc2 Qxe3 34.
dxe5 dxe5 35. Qc6 Qg5 36. Qc5 Rd7 37. Nc4 Qxg4 38. Qxe5+ Kh7 39. Nd2 Qg5 40. Qh2
Qe3 41. c4 Qd3+ 42. Kc1 Qc3+ 43. Kd1 Qa1+ 0-1

[Event "Open Portugal 2019"]
[Site "Lisboa POR"]
[Date "2019.02.03"]
[Round "3.20"]
[White "Alshameary Puente, Ismael"]
[Black "Carlsson, Ludvig"]
[Result "1-0"]
[WhiteElo "2418"]
[BlackElo "2217"]
[WhiteFideId "2225166"]
[BlackFideId "1727010"]
[WhiteTitle "FM"]
[BlackTitle "CM"]
[WhiteCountry "ESP"]
[BlackCountry "SWE"]
[PlyCount "77"]
[EventDate "2019.??.??"]

1. d4 Nf6 2. c4 g6 3. Nc3 Bg7 4. e4 d6 5. Nge2 O-O 6. Ng3 c5 7. d5 e6 8. Be2
exd5 9. cxd5 b6 10. O-O Na6 11. Bg5 h6 12. Be3 Nc7 13. a4 Re8 14. Qd2 Kh7 15. f3
Bb7 16. Kh1 Qe7 17. Bc4 a6 18. Rae1 Qd7 19. Qd3 Rh8 20. Rb1 a5 21. Rbd1 Rae8 22.
Nb5 Kg8 23. Bf4 Bf8 24. Qc3 Bg7 25. Qb3 Bf8 26. Na3 h5 27. Qxb6 h4 28. Ne2 Ncxd5
29. exd5 Rxe2 30. Bxe2 Nxd5 31. Rxd5 Bxd5 32. Bc4 h3 33. Bxd5 hxg2+ 34. Kxg2 Rh4
35. Bg3 Qh3+ 36. Kg1 Rb4 37. Qc7 Bg7 38. Qxf7+ Kh7 39. Nc2 1-0

[Event "Open Portugal 2019"]
[Site "Lisboa POR"]
[Date "2019.02.03"]
[Round "3.21"]
[White "Jorge, Rita"]
[Black "Rajesh, V A V."]
[Result "0-1"]
[WhiteElo "1902"]
[BlackElo "2406"]
[WhiteFideId "1923161"]
[BlackFideId "5029317"]
[WhiteTitle "WFM"]
[BlackTitle "IM"]
[WhiteCountry "POR"]
[BlackCountry "IND"]
[PlyCount "118"]
[EventDate "2019.??.??"]

1. e4 e5 2. Nf3 Nc6 3. Bb5 a6 4. Ba4 d6 5. c3 Bd7 6. O-O g6 7. d4 Bg7 8. Re1 Nf6
9. Nbd2 Qe7 10. d5 Nb8 11. Bc2 O-O 12. Nf1 Nh5 13. Ng3 Nf4 14. Bxf4 exf4 15. Ne2
Be5 16. Qd3 a5 17. a4 Na6 18. Ned4 Nc5 19. Qe2 Rfe8 20. Nb5 Bg4 21. h3 Bh5 22.
Ra3 Qd8 23. b4 Na6 24. Rb3 c6 25. dxc6 bxc6 26. Na3 axb4 27. cxb4 c5 28. b5 Nb4
29. Nc4 Rxa4 30. Ncxe5 dxe5 31. Rc3 Ra2 32. Qc4 Bxf3 33. Bb3 Ra7 34. gxf3 Qb6
35. Rd1 Rc7 36. Qe2 Ra8 37. Bc4 Rca7 38. Qb2 Qf6 39. Rcc1 Rb8 40. Ra1 Re7 41.
Rd2 Nc6 42. Rd5 Nd4 43. Qc3 Nxb5 44. Bxb5 Rxb5 45. Rxc5 Rb6 46. Rc7 Rxc7 47.
Qxc7 Rc6 48. Qb8+ Kg7 49. Ra8 Kh6 50. Qf8+ Kh5 51. Ra1 Rc2 52. Qe8 Qg5+ 53. Kf1
Qh4 54. Qxe5+ Kh6 55. Qd4 Qxh3+ 56. Kg1 Qxf3 57. Rf1 Qg4+ 58. Kh2 f3 59. Qe3+
Kh5 0-1

[Event "Open Portugal 2019"]
[Site "Lisboa POR"]
[Date "2019.02.03"]
[Round "3.23"]
[White "Kaasen, Tor Fredrik"]
[Black "Terryn, Ezra"]
[Result "1-0"]
[WhiteElo "2387"]
[BlackElo "2116"]
[WhiteFideId "1516647"]
[BlackFideId "233196"]
[WhiteTitle "IM"]
[WhiteCountry "NOR"]
[BlackCountry "BEL"]
[PlyCount "113"]
[EventDate "2019.??.??"]

1. c4 e5 2. Nc3 Nf6 3. Nf3 Nc6 4. e3 d5 5. cxd5 Nxd5 6. Bb5 Nxc3 7. bxc3 Bd7 8.
d4 e4 9. Nd2 Qg5 10. Bf1 Qg6 11. Qb3 Bd6 12. Nc4 b6 13. Nxd6+ Qxd6 14. Ba3 Na5
15. Bxd6 Nxb3 16. axb3 cxd6 17. Ba6 Rb8 18. Bc4 a5 19. Bd5 Be6 20. Bc6+ Ke7 21.
c4 Rhc8 22. Bxe4 b5 23. d5 Bd7 24. Bd3 a4 25. bxa4 bxc4 26. Bc2 Rb2 27. Kd1 Ra8
28. Kc1 c3 29. Rd1 Rb4 30. Rd3 Bxa4 31. Rxc3 Bc6 32. Rxa8 Bxa8 33. Rc7+ Kf6 34.
e4 Bb7 35. Kd2 Ba6 36. Kc3 Rb6 37. Rc6 Rxc6+ 38. dxc6 Ke5 39. Kb4 d5 40. Ka5 Bc8
41. exd5 Kxd5 42. Kb6 Kd6 43. Bxh7 g6 44. Bg8 Ke7 45. Kc7 Ba6 46. Kb8 Kf8 47.
Bxf7 Kxf7 48. c7 Kf6 49. c8=Q Bxc8 50. Kxc8 g5 51. Kd7 Kf5 52. Ke7 Ke5 53. Kf7
Kf5 54. Kg7 Kg4 55. Kg6 Kf4 56. g3+ Kg4 57. h3+ 1-0

[Event "Open Portugal 2019"]
[Site "Lisboa POR"]
[Date "2019.02.03"]
[Round "3.24"]
[White "Corbalán Gómez, Juan José"]
[Black "Galego, Luís"]
[Result "1-0"]
[WhiteElo "2235"]
[BlackElo "2508"]
[WhiteFideId "2260492"]
[BlackFideId "1900072"]
[BlackTitle "GM"]
[WhiteCountry "ESP"]
[BlackCountry "POR"]
[PlyCount "97"]
[EventDate "2019.??.??"]

1. e4 c5 2. Nf3 a6 3. Nc3 e6 4. d4 cxd4 5. Nxd4 Qc7 6. Bd3 Nf6 7. O-O Bc5 8. Nb3
Be7 9. f4 d6 10. Qe2 Nc6 11. Bd2 b5 12. a3 Rb8 13. Kh1 Bd7 14. Rae1 b4 15. axb4
Nxb4 16. e5 Nxd3 17. Qxd3 dxe5 18. fxe5 Nd5 19. Nxd5 exd5 20. Qg3 O-O 21. Bh6 g6
22. Bxf8 Rxf8 23. Rxf7 Rxf7 24. e6 Qxg3 25. exf7+ Kxf7 26. hxg3 Bd6 27. Rd1 Ke6
28. Nd4+ Ke7 29. Re1+ Kf6 30. Ra1 Bc8 31. Ne2 g5 32. Rd1 Ke5 33. Nd4 g4 34. Kg1
Bc5 35. c3 Bf5 36. Kf2 a5 37. Ke3 Be4 38. Rh1 Bg6 39. Ra1 Bb6 40. b4 axb4 41.
Ra6 Bxd4+ 42. cxd4+ Kf5 43. Rb6 Kg5 44. Rxb4 Be4 45. Rb7 h5 46. Re7 Bxg2 47.
Re5+ Kg6 48. Kf4 Bf3 49. Re6+ 1-0

[Event "Open Portugal 2019"]
[Site "Lisboa POR"]
[Date "2019.02.03"]
[Round "3.25"]
[White "Rego, Pedro"]
[Black "Miezis, Normunds"]
[Result "0-1"]
[WhiteElo "2228"]
[BlackElo "2467"]
[WhiteFideId "1904310"]
[BlackFideId "11600136"]
[WhiteTitle "FM"]
[BlackTitle "GM"]
[WhiteCountry "POR"]
[BlackCountry "LAT"]
[PlyCount "60"]
[EventDate "2019.??.??"]

1. Nf3 c5 2. c4 Nc6 3. g3 e5 4. Nc3 g6 5. Bg2 Bg7 6. O-O Nge7 7. d3 d6 8. a3 O-O
9. Rb1 a5 10. Ne1 Be6 11. Nd5 Rb8 12. Nc2 b5 13. Nce3 b4 14. Nxe7+ Nxe7 15. axb4
axb4 16. Qb3 f5 17. Nd5 Nxd5 18. cxd5 Bd7 19. Ra1 f4 20. Bd2 Bg4 21. Rfe1 f3 22.
exf3 Bxf3 23. Qc4 Bxg2 24. Kxg2 Qf6 25. Be3 e4 26. Rab1 Rbe8 27. Kg1 exd3 28.
Qxd3 Qf3 29. Red1 Rf5 30. Bf4 Re1+ 0-1

[Event "Open Portugal 2019"]
[Site "Lisboa POR"]
[Date "2019.02.03"]
[Round "3.27"]
[White "Newrkla, Katharina"]
[Black "Butkiewicz, Lukasz"]
[Result "0-1"]
[WhiteElo "2180"]
[BlackElo "2445"]
[WhiteFideId "1621629"]
[BlackFideId "1122428"]
[WhiteTitle "WIM"]
[BlackTitle "IM"]
[WhiteCountry "AUT"]
[BlackCountry "POL"]
[PlyCount "60"]
[EventDate "2019.??.??"]

1. e4 c5 2. Nf3 Nc6 3. d4 cxd4 4. Nxd4 e6 5. Nc3 Qc7 6. Be3 a6 7. a3 Nf6 8. f4
d6 9. Qf3 Be7 10. Be2 O-O 11. O-O-O Nxd4 12. Bxd4 b5 13. e5 Bb7 14. Qe3 Nd5 15.
Nxd5 Bxd5 16. Bd3 Rfc8 17. Qg3 Bf8 18. h4 dxe5 19. Bxe5 Qc6 20. h5 h6 21. Rh4 f5
22. Qf2 b4 23. axb4 Qa4 24. Bc3 Rxc3 25. bxc3 Rc8 26. Rh3 Rxc3 27. Qb6 Bxb4 28.
Qb8+ Kh7 29. Bxf5+ exf5 30. Rxd5 Qxc2# 0-1

[Event "Open Portugal 2019"]
[Site "Lisboa POR"]
[Date "2019.02.03"]
[Round "3.28"]
[White "Thórhallsson, Thröstur"]
[Black "Borges, Guilherme Deola"]
[Result "1/2-1/2"]
[WhiteElo "2425"]
[BlackElo "2181"]
[WhiteFideId "2300109"]
[BlackFideId "2109085"]
[WhiteTitle "GM"]
[WhiteCountry "ISL"]
[BlackCountry "BRA"]
[PlyCount "67"]
[EventDate "2019.??.??"]

1. e4 c5 2. Nf3 e6 3. c3 d5 4. exd5 Qxd5 5. d4 Nc6 6. Bd3 Nf6 7. O-O Be7 8. Be3
cxd4 9. cxd4 O-O 10. Nc3 Qd8 11. a3 Nd5 12. Bd2 Bf6 13. Ne2 Bd7 14. Be4 Rc8 15.
Qb1 h6 16. Qd3 Qb6 17. Rfe1 Rfd8 18. Bxd5 exd5 19. Bc3 Bg4 20. Rad1 Re8 21. h3
Bxf3 22. Qxf3 Rcd8 23. Nf4 Rxe1+ 24. Rxe1 Qb3 25. Qg4 Qc2 26. Nh5 Qg6 27. Nxf6+
Qxf6 28. Re3 Qg5 29. Qe2 Qf6 30. b4 Rc8 31. Qg4 Rc7 32. Re8+ Kh7 33. Qg3 Re7 34.
Rxe7 1/2-1/2

[Event "Open Portugal 2019"]
[Site "Lisboa POR"]
[Date "2019.02.03"]
[Round "3.29"]
[White "Poysti, Nathanael"]
[Black "Sukandar, Irine Kharisma"]
[Result "0-1"]
[WhiteElo "2172"]
[BlackElo "2397"]
[WhiteFideId "24622133"]
[BlackFideId "7101937"]
[BlackTitle "IM"]
[WhiteCountry "GER"]
[BlackCountry "INA"]
[PlyCount "116"]
[EventDate "2019.??.??"]

1. Nf3 Nf6 2. c4 e6 3. e3 d5 4. b3 c5 5. Bb2 Nc6 6. cxd5 exd5 7. Be2 Bd6 8. Nc3
O-O 9. d4 cxd4 10. Nxd4 Qe7 11. O-O Rd8 12. Ncb5 Bb8 13. Rc1 Bd7 14. Nxc6 bxc6
15. Nd4 Qd6 16. g3 a5 17. Qc2 Ba7 18. Rfd1 c5 19. Nb5 Bxb5 20. Bxb5 d4 21. exd4
cxd4 22. Qc7 Qb4 23. Bc4 Rd7 24. Qf4 Rad8 25. Rd3 Qe7 26. Rcd1 Nd5 27. Bxd5 Rxd5
28. Rc1 Qe6 29. Rcd1 h6 30. Qd2 Qh3 31. f3 h5 32. Re1 Qf5 33. Re4 Rc8 34. Qe2
Kh7 35. Rf4 Qg6 36. Re4 Rc6 37. Kg2 f5 38. Re7 Bb6 39. Rd2 f4 40. Qe4 Qxe4 41.
fxe4 Rg5 42. Kh3 fxg3 43. hxg3 Bc7 44. Rd3 Be5 45. Bxd4 Bxd4 46. Rxd4 Rc3 47.
Rd2 Rcxg3+ 48. Kh2 R3g4 49. Kh3 Rg1 50. Rf7 Rh1+ 51. Rh2 Re1 52. Rf5 Re3+ 53.
Kh4 Rg4+ 54. Kxh5 Reg3 55. Rf7 Rg5+ 56. Kh4 Kh6 57. Rf4 Rg1 58. Kh3 R5g3+ 0-1